| 000 | 00604nam a22001937a 4500 | ||
|---|---|---|---|
| 999 |
_c526061 _d526061 |
||
| 003 | NUST | ||
| 005 | 20190708070832.0 | ||
| 008 | 190708b ||||| |||| 00| 0 eng d | ||
| 020 | _qHardcover. | ||
| 038 | _aMr. Zahoor | ||
| 082 | _a629.04 | ||
| 100 |
_aShafique, Sheheryar _917024 |
||
| 245 |
_aExploring The Transportation Potential of Rivers In Pakistan / _cSheheryar Shafique |
||
| 260 |
_aIslamabad : _bSCEE - NUST, _c2018. |
||
| 300 |
_aix, 102 p. : ill. ; _c30cm |
||
| 650 |
_aTranportation Engineering - MS Thesis _917025 |
||
| 700 |
_aDr. Muhammad Bilal Khurshid _916538 |
||
| 942 |
_2ddc _cTHE |
||